| 000 | 01227cam a2200277 a 4500 | ||
|---|---|---|---|
| 001 | 4017340 | ||
| 005 | 19990219110016.4 | ||
| 008 | 970905s1998 maua |rb 001 0 eng | ||
| 010 | _a 97031670 | ||
| 020 | _a0201874016 | ||
| 040 |
_aDLC _cDLC _dDLC |
||
| 050 | 0 | 0 |
_aQA76.73.C153 _bF65 1998 |
| 082 | 0 | 0 |
_a005.741 _222 _bFOL |
| 100 | 1 |
_aFolk, Michael J. _912121 |
|
| 245 | 1 | 0 |
_aFile Structures : _bAn Object-Oriented Approach with C++ / _cMichael J. Folk, Bill Zoellick, Greg Riccardi. |
| 260 |
_aReading, Mass. : _bAddison-Wesley, 1998 _cc1998. |
||
| 300 |
_axxiv, 724 p. : _bill. ; _c25 cm. |
||
| 504 | _aIncludes bibliographical references (p. 703-708) and index. | ||
| 650 | 0 |
_aC++ (Computer program language) _912122 |
|
| 650 | 0 |
_aFile organization (Computer science) _912123 |
|
| 700 | 1 |
_aZoellick, Bill. _912124 |
|
| 700 | 1 |
_aRiccardi, Greg. _912125 |
|
| 942 |
_2ddc _cNB |
||
| 999 |
_c13557 _d13557 |
||